000 00218 a2200097 4500
001 46735
100 _aLufbery R
245 _aThey fought for the sky
260 _aNew York
_bHolt Rinehart
_c
090 _c29829
_d29829
942 _aNUST-CAE
_cM
_c22034
999 _c281808
_d281808